000 00545nam a2200181Ia 4500
003 GCL
008 140319s9999 xx 000 0 ara d
040 _aGCL /
_cGCL
082 0 4 _a812
_bن ا
100 1 _aنوال السعداوى
245 1 0 _aايزيس مسرحية من فصلين /
_cنوال السعداوى
260 _a[S.N] :
_bدار المسيرة للنشر والتوزيع والطباعة ،
_c1986
300 _a134 ص
490 _a
650 0 4 _aالادب العربى
650 0 4 _aمسرحيات
942 _2ddc
_cBK
999 _c53164
_d53164